Najwięcej występów w reprezentacji Argentyny - Statystyki

Ogólne statystyki
  • Ten quiz został rozwiązany 444 razy
  • Średni wynik to 4 z 10
Statystyki odpowiedzi
Miejsce Zawodnik Lata gry Mecze Bramki % Poprawnych
1 Lionel Messi 2005–obecnie 180 106
100%
4 Ángel Di María 2008–obecnie 138 30
73%
8 Sergio Agüero 2006–2021 101 41
57%
2 Javier Mascherano 2003–2018 147 3
52%
6 Nicolás Otamendi 2009–obecnie 111 6
43%
3 Javier Zanetti 1994–2011 143 5
38%
10 Sergio Romero 2009–2018 96 0
30%
5 Roberto Ayala 1994–2007 115 7
10%
7 Diego Simeone 1988–2002 106 11
8%
9 Oscar Ruggeri 1983–1994 97 7
1%
Nie znaleziono quizów pasujących do podanych kryteriów
Rozkład punktacji
Procent ludzi z każdym wynikiem
Percentyl według liczby udzielonych odpowiedzi
Twoja historia wyników
Nie rozwiązałeś tego quizu